О некоторых применениях статистико-вероятностных методов при анализе режимов энергосистем, содержащих транспортную нагрузку; Применение вероятностных и статистических методов в связи с электрификацией железнодорожного транспорта: Доклады к научно-техническому совещанию; Вып. 3

Detalles Bibliográficos
Parent link:Применение вероятностных и статистических методов в связи с электрификацией железнодорожного транспорта: Доклады к научно-техническому совещанию
Вып. 3.— 1963.— С. 58-68
Autor Principal: Галинский П. П.
Idioma:ruso
Publicado: 1963
Subjects:
Formato: MixedMaterials Capítulo de libro
KOHA link:https://koha.lib.tpu.ru/cgi-bin/koha/opac-detail.pl?biblionumber=592426

MARC

LEADER 00000naa0a2200000 4500
001 592426
005 20250828161121.0
035 |a (RuTPU)RU\TPU\tpu\4480 
090 |a 592426 
100 |a 20011210d1963 k||y0rusy50 ca 
101 0 |a rus 
102 |a RU 
200 1 |a О некоторых применениях статистико-вероятностных методов при анализе режимов энергосистем, содержащих транспортную нагрузку  |f П. П. Галинский 
461 1 |t Применение вероятностных и статистических методов в связи с электрификацией железнодорожного транспорта: Доклады к научно-техническому совещанию 
463 1 |t Вып. 3  |v С. 58-68  |d 1963 
610 1 |a электрические сети 
610 1 |a труды учёных ТПУ 
610 1 |a электрические системы 
610 1 |a электрические станции 
700 1 |a Галинский  |b П. П. 
801 0 |a RU  |b 63413507  |c 20011210  |g PSBO 
801 2 |a RU  |b 63413507  |c 20071205  |g PSBO 
942 |c BK